Aspects of top management; (Record no. 76157)

MARC details
000 -LEADER
fixed length control field 00866cam a22002651 4500
001 - CONTROL NUMBER
control field sa 67006788
003 - CONTROL NUMBER IDENTIFIER
control field DLC
005 - DATE AND TIME OF LATEST TRANSACTION
control field 20260227112410.0
008 - FIXED-LENGTH DATA ELEMENTS--GENERAL INFORMATION
fixed length control field 861114s1967 ii 100 0 eng
010 ## - LIBRARY OF CONGRESS CONTROL NUMBER
LC control number sa 67006788
025 ## - OVERSEAS ACQUISITION NUMBER
Overseas acquisition number PL480:I-E-8437
035 ## - SYSTEM CONTROL NUMBER
System control number (OCoLC)14713039
040 ## - CATALOGING SOURCE
Original cataloging agency DLC
Transcribing agency WaU
Modifying agency DLC
042 ## - AUTHENTICATION CODE
Authentication code premarc
043 ## - GEOGRAPHIC AREA CODE
Geographic area code a-ii---
050 00 - LIBRARY OF CONGRESS CALL NUMBER
Classification number HD70.I4
Item number B33
082 ## - DEWEY DECIMAL CLASSIFICATION NUMBER
Classification number 658.42/0954
100 1# - MAIN ENTRY--PERSONAL NAME
Personal name Batchelor, Alan Harold,
Dates associated with a name 1930-
Relator term comp.
245 10 - TITLE STATEMENT
Title Aspects of top management;
Remainder of title a symposium,
Statement of responsibility, etc. edited by A. H. Batchelor. Contributions by V. V. Giri [and others.
260 ## - PUBLICATION, DISTRIBUTION, ETC.
Place of publication, distribution, etc. Bangalore]
Name of publisher, distributor, etc. St. Mark's Cathedral Industrial Team Service,
Date of publication, distribution, etc. 1967.
300 ## - PHYSICAL DESCRIPTION
Extent vi, 128 p.
Dimensions 22 cm.
650 #0 - SUBJECT ADDED ENTRY--TOPICAL TERM
Topical term or geographic name entry element Industrial management
Geographic subdivision India
Form subdivision Congresses.
650 #0 - SUBJECT ADDED ENTRY--TOPICAL TERM
Topical term or geographic name entry element Industrial relations
Geographic subdivision India
Form subdivision Congresses.
700 1# - ADDED ENTRY--PERSONAL NAME
Personal name Giri, Varahagiri Venkata,
Dates associated with a name 1894-

No items available.

Powered by Koha